000 00515nam a2200193Ia 4500
003 OSt
005 20250604141140.0
008 210210b1980 xxu||||| |||| 00| 0 eng d
040 _cAL
041 _aKannada
082 _aK894.3 LATP
100 _aLATA
_dಲತಾ
_9212749
245 _aPaulastyana pranaya kate
_bಪೌಲಸ್ತ್ಯನ ಪ್ರಣಯ ಕಥೆ
260 _aBengaluru
_bHemanta Sahitya
_c1980
300 _a187
690 _aKannada Fiction
_9212750
906 _a038692
942 _2ddc
_cBK
999 _c88812
_d88812